000 00642cam a22002292 4500
001 0000007357
005 20151217155215.0
008 080115s xx 000 0 eng d
020 _a9697007782
040 _aKABU
_cKABU
050 0 _aQP34.5
_b.H65 1986
100 1 _aHole, John W.
_@0000155599
245 1 0 _aEssentials of human anatomy and physiology.
250 _a2nd ed.
260 _aLondon :
_bWm C. Brown,
_c1986.
300 _axxii, 522 p.
650 0 _aHuman physiology.
_@0000155597
650 0 _aHuman anatomy.
_@0000155598
908 _a080115
950 _@1
999 _c11991
_d11991